Ładuje się......

Keralathinte nattuvaidyam

Opis bibliograficzny
1. autor: E Unnikrishnan
Wydane: DCBooks
LEADER 00190 a2200097 4500
020
260 |b DCBooks 
942 |c BK  |6 _ 
245 |a Keralathinte nattuvaidyam 
100 |a E Unnikrishnan  
999 |c 63700  |d 63700